000
00271nam a2200109Ia 4500
008
220204s9999 xx 000 0 und d
082
_a
796.5(540)
_b
BEN
100
_a
Bendre, V P
245
0
_a
Tourism in India
260
_a
Aurangabad
_b
Primal Prakashan
_c
1979
942
_c
BK
999
_c
33113
_d
33113